00527nam a2200169Ia 4500003000900000008004100009040001600050080001900066100001500085245008100100260004600181300002100227650004100248650002400289650002200313650002200335IN-BaIIA211028s9999 xx 000 0 eng d cIIA Library a524.3-5bCOX-2 aCox, J. P. 0aPrinciples of stellar structurebvol. 2, applications to starscJ. P. Cox  aNew YorkbGordon and Breach Sciencec1968 axliv, 569-1327p. aAstronomy and astrophysics thesaurus aStellar atmospheres aStellar structure aSteller interiors